000 00470nam a2200181Ia 4500
005 20250423094827.0
008 250422s9999 xx 000 0 und d
020 _a9780142437216
050 _aPS 3531.A5855 .P37/
100 _aParker, Dorothy
245 0 _aComplete stories
260 _aNew York
260 _bPenguine classics
260 _c2003
300 _a447 p
650 _aUnited States--Social life and customs--20th century--Fiction.
942 _cBK
999 _c28413
_d28413